[Event "DSOL 2021"]
[Site "Germany"]
[Date "2021.03.18"]
[Round "6.1"]
[White "Jurkic, Bosiljko"]
[Black "Conrad, Christian"]
[Result "1-0"]
[WhiteElo "2053"]
[BlackElo "2091"]
[Annotator "TA"]
[PlyCount "95"]
[EventDate "2021.01.18"]
[EventType "team-tourn"]
[EventCountry "GER"]
[SourceTitle "playchess.com"]
[Source "ChessBase"]
[SourceQuality "1"]

1. b3 Nf6 2. Bb2 g6 3. Bxf6 exf6 4. c4 Bg7 5. Nc3 d6 6. g3 Nd7 7. Bg2 f5 8. Rc1 O-O 9. e3 Re8 10. Nge2 c6 11. O-O a5 12. d4 Qe7 13. Nf4 Nf6 14. Re1 Bd7 15. Qd3 Ne4 16. Na4 Qd8 17. f3 Nf6 18. Nc3 Qb6 19. h4 h6 20. c5 Qc7 21. Na4 g5 22. hxg5 hxg5 23. Ne2 dxc5 24. Nxc5 Nd5 25. e4 fxe4 26. fxe4 Nf6 27. Rf1 Bg4 28. e5 Bxe2 29. Qxe2 Rad8 30. Qc4 Ng4 31. Rce1 b5 32. Qc3 Nxe5 33. dxe5 Bxe5 34. Qc1 Bd4+ 35. Kh2 f6 36. Ne4 Qh7+ 37. Bh3 g4 38. Ng5 Qh5 39. Rxe8+ Rxe8 40. Qxc6 Re2+ 41. Kh1 Qxg5 42. Qc8+ Kg7 43. Qd7+ Kh6 44. Qxd4 gxh3 45. Rxf6+ Kh5 46. g4+ Kh4 47. Rf4 Rd2 48. Qxd2 1-0

[Event "DSOL 2021"]
[Site "Germany"]
[Date "2021.03.17"]
[Round "6.1"]
[White "Zahn, Richard"]
[Black "Schoettker, Jochen"]
[Result "1/2-1/2"]
[WhiteElo "2046"]
[BlackElo "1943"]
[Annotator "TA"]
[PlyCount "48"]
[EventDate "2021.01.18"]
[EventType "team-tourn"]
[EventCountry "GER"]
[SourceTitle "playchess.com"]
[Source "ChessBase"]
[SourceQuality "1"]

1. f4 d5 2. Nf3 g6 3. e3 Bg7 4. d4 Nh6 5. Bd3 O-O 6. O-O c5 7. c3 c4 8. Be2 Bf5 9. b3 cxb3 10. axb3 Nc6 11. c4 e6 12. Nc3 Nb4 13. Ra4 a5 14. Qd2 Re8 15. Ne5 f6 16. Nd3 Bxd3 17. Bxd3 Nf7 18. Ba3 Bf8 19. Nb5 b6 20. Be2 Rc8 21. Bb2 Nd6 22. Nxd6 Bxd6 23. Raa1 Qe7 24. Rac1 Kg7 1/2-1/2

[Event "DSOL 2021"]
[Site "Germany"]
[Date "2021.03.17"]
[Round "6.1"]
[White "Boehm, Uwe"]
[Black "Kleinschroth, Roland"]
[Result "0-1"]
[WhiteElo "2025"]
[BlackElo "2085"]
[Annotator "TA"]
[PlyCount "22"]
[EventDate "2021.01.18"]
[EventType "team-tourn"]
[EventCountry "GER"]
[SourceTitle "playchess.com"]
[Source "ChessBase"]
[SourceQuality "1"]

1. d4 Nf6 2. c4 e6 3. Nc3 c5 4. d5 exd5 5. cxd5 d6 6. e4 g6 7. f4 Bg7 8. Bb5+ Nfd7 9. e5 dxe5 10. fxe5 O-O 11. e6 Qh4+ 0-1

[Event "DSOL 2021"]
[Site "Germany"]
[Date "2021.03.17"]
[Round "6.1"]
[White "Lehmann, Alexander"]
[Black "Schuette, Marco"]
[Result "1-0"]
[WhiteElo "2000"]
[BlackElo "1728"]
[Annotator "TA"]
[PlyCount "61"]
[EventDate "2021.01.18"]
[EventType "team-tourn"]
[EventCountry "GER"]
[SourceTitle "playchess.com"]
[Source "ChessBase"]
[SourceQuality "1"]

1. e4 c5 2. c3 d5 3. exd5 Qxd5 4. d4 Nc6 5. Nf3 Bg4 6. Be2 cxd4 7. cxd4 e6 8. O-O Nf6 9. h3 Bh5 10. Nc3 Qa5 11. Qb3 Qb4 12. Rd1 Qxb3 13. axb3 O-O-O 14. Be3 Be7 15. g4 Bg6 16. Ne5 Kb8 17. Nxc6+ bxc6 18. Ra6 Nd5 19. Nxd5 exd5 20. Rda1 Bd6 21. Rxa7 Rhe8 22. Bf1 Bc7 23. Bd2 Kc8 24. Ba6+ Kb8 25. Rb7+ Kc8 26. Ba5 Bxa5 27. Rxf7+ Kb8 28. Rb7+ Ka8 29. Rxa5 Rb8 30. Rxg7 Rb6 31. Bb7+ 1-0

[Event "DSOL 2021"]
[Site "Germany"]
[Date "2021.03.15"]
[Round "6.1"]
[White "Brunner, Tobias"]
[Black "Huckebrink, Chris"]
[Result "0-1"]
[WhiteElo "1998"]
[BlackElo "2042"]
[Annotator "TA"]
[PlyCount "98"]
[EventDate "2021.01.18"]
[EventType "team-tourn"]
[EventCountry "GER"]
[SourceTitle "playchess.com"]
[Source "ChessBase"]
[SourceQuality "1"]

1. e4 Nf6 2. e5 Nd5 3. c4 Nb6 4. d4 d6 5. exd6 cxd6 6. Nc3 g6 7. Be3 Bg7 8. Bd3 O-O 9. Nge2 Nc6 10. a3 e5 11. d5 Nd4 12. O-O Bg4 13. f3 Bd7 14. Bf2 Rc8 15. b3 a5 16. Nxd4 exd4 17. Ne2 a4 18. Bxd4 Bxd4+ 19. Nxd4 Qf6 20. Ne2 Rfe8 21. Qc2 Nxd5 22. Qd2 Ne3 23. Rfe1 axb3 24. Rab1 d5 25. cxd5 Qb6 26. Kh1 Nxd5 27. Be4 Nf6 28. Qd4 Qxd4 29. Nxd4 Nxe4 30. fxe4 Rc3 31. Nxb3 Bc6 32. Na5 Bxe4 33. Nxb7 Re7 34. Rbd1 Bxg2+ 35. Kxg2 Rxb7 36. a4 Rb2+ 37. Kg1 Rcc2 38. h3 Rg2+ 39. Kh1 Rh2+ 40. Kg1 Rxh3 41. Re7 Kf8 42. Rc7 Rf3 43. a5 Ra2 44. Ra7 h5 45. a6 h4 46. Ra8+ Kg7 47. a7 Rfa3 48. Rd7 Rb2 49. Rd1 Rb7 0-1

[Event "DSOL 2021"]
[Site "Germany"]
[Date "2021.03.15"]
[Round "6.1"]
[White "Bruziks, George"]
[Black "Baeumer, Frank"]
[Result "0-1"]
[WhiteElo "1995"]
[BlackElo "1784"]
[Annotator "TA"]
[PlyCount "76"]
[EventDate "2021.01.18"]
[EventType "team-tourn"]
[EventCountry "GER"]
[SourceTitle "playchess.com"]
[Source "ChessBase"]
[SourceQuality "1"]

1. e4 e5 2. Nf3 Nc6 3. d4 exd4 4. Nxd4 Bc5 5. Nb3 Bb6 6. Nc3 Qf6 7. Qe2 Nge7 8. Be3 d6 9. Bxb6 axb6 10. Nb5 Kd8 11. Nc3 Be6 12. O-O-O Bxb3 13. cxb3 Nd4 14. Qe3 c5 15. Bb5 Ra5 16. b4 Rxb5 17. Nxb5 Nxb5 18. bxc5 bxc5 19. Qxc5 Qf4+ 20. Kb1 Qxe4+ 21. Ka1 Qc6 22. Qe5 Qc1+ 23. Rxc1 dxe5 24. Rhd1+ Nd4 25. Rc5 Nec6 26. b4 Ke7 27. b5 Kd6 28. Rc4 Ne7 29. a4 Rc8 30. Rxc8 Nxc8 31. Kb2 Nb6 32. Ka3 Kc5 33. Rc1+ Nc4+ 34. Ka2 f5 35. f3 e4 36. fxe4 fxe4 37. Re1 e3 38. Kb1 Kb4 0-1

[Event "DSOL 2021"]
[Site "Germany"]
[Date "2021.03.16"]
[Round "6.1"]
[White "Schaefer, Sven"]
[Black "von Zimmermann, Georg"]
[Result "1/2-1/2"]
[WhiteElo "1987"]
[BlackElo "2094"]
[Annotator "TA"]
[PlyCount "97"]
[EventDate "2021.01.18"]
[EventType "team-tourn"]
[EventCountry "GER"]
[SourceTitle "playchess.com"]
[Source "ChessBase"]
[SourceQuality "1"]

1. e4 c5 2. Nf3 Nc6 3. d4 cxd4 4. Nxd4 Nf6 5. Nc3 e5 6. Ndb5 d6 7. Bg5 a6 8. Na3 b5 9. Bxf6 gxf6 10. Nd5 Bg7 11. Bd3 Ne7 12. Nxe7 Qxe7 13. O-O f5 14. c4 O-O 15. Qh5 Rb8 16. exf5 Qf6 17. Rfe1 Qh6 18. Qxh6 Bxh6 19. cxb5 axb5 20. Nc2 Bg7 21. Be4 d5 22. Bxd5 Bxf5 23. Ne3 Bg6 24. Rac1 Rfc8 25. h4 Kf8 26. g4 Bd3 27. Rcd1 e4 28. Nf5 Bxb2 29. Bxe4 Bxe4 30. Rxe4 Rc4 31. f3 Rxe4 32. fxe4 Re8 33. Re1 Ra8 34. Rd1 Re8 35. Rb1 Bf6 36. g5 Bc3 37. Rxb5 Rxe4 38. Rb8+ Re8 39. Rxe8+ Kxe8 40. Kg2 f6 41. Kf3 fxg5 42. hxg5 Kd7 43. Ke4 Bd2 44. Ne3 Kc6 45. Kd3 Bc1 46. Ke4 Kc5 47. Kf3 Kb5 48. Nf5 Bxg5 49. Kg4 1/2-1/2

[Event "DSOL 2021"]
[Site "Germany"]
[Date "2021.03.16"]
[Round "6.1"]
[White "Adelberger, Georg"]
[Black "Schlangenotto, Niklas"]
[Result "0-1"]
[WhiteElo "1981"]
[BlackElo "2008"]
[Annotator "TA"]
[PlyCount "84"]
[EventDate "2021.01.18"]
[EventType "team-tourn"]
[EventCountry "GER"]
[SourceTitle "playchess.com"]
[Source "ChessBase"]
[SourceQuality "1"]

1. Nf3 d5 2. b4 Bf5 3. Bb2 e6 4. e3 Nf6 5. a3 Nbd7 6. Be2 Bd6 7. d4 O-O 8. Nbd2 Re8 9. Ne5 Ne4 10. O-O Nxd2 11. Qxd2 Nf6 12. f3 Qe7 13. c4 c6 14. Qd1 Bxe5 15. dxe5 Nd7 16. g4 Bg6 17. f4 Be4 18. Bf3 Bxf3 19. Qxf3 Nb6 20. cxd5 cxd5 21. Bd4 Nc4 22. Rf2 a5 23. e4 axb4 24. exd5 Rxa3 25. Rxa3 bxa3 26. d6 Qd7 27. Qb3 b5 28. Bc5 Ra8 29. Qf3 Ra6 30. Re2 a2 31. Bd4 a1=Q+ 32. Bxa1 Rxa1+ 33. Kg2 Qa7 34. f5 Qg1+ 35. Kh3 Ra3 36. Qxa3 Nxa3 37. Kh4 Qd1 38. Re3 Nc4 39. Re4 Qc2 40. fxe6 Qxh2+ 41. Kg5 Qh6+ 42. Kf5 fxe6# 0-1

[Event "DSOL 2021"]
[Site "Germany"]
[Date "2021.03.19"]
[Round "6.1"]
[White "Di Capua, Francesco Stefano"]
[Black "Kersten, Uwe"]
[Result "1-0"]
[WhiteElo "1956"]
[BlackElo "2252"]
[Annotator "NA"]
[PlyCount "113"]
[EventDate "2021.01.18"]
[EventType "team-tourn"]
[EventCountry "GER"]
[SourceTitle "playchess.com"]
[Source "ChessBase"]
[SourceQuality "1"]
[WhiteTeam "SK Gernsheim"]
[BlackTeam "SK Vellmar"]

1. e4 c5 2. Nf3 d6 3. d4 cxd4 4. Nxd4 Nf6 5. Nc3 a6 6. Bg5 e6 7. f4 h6 8. Bh4 Qb6 9. Qd2 Qxb2 10. Rb1 Qa3 11. e5 dxe5 12. fxe5 Nd5 13. Nxd5 exd5 14. e6 Bxe6 15. Nxe6 fxe6 16. Be2 Be7 17. Bh5+ Kd8 18. Bxe7+ Qxe7 19. O-O Nd7 20. Rxb7 Qc5+ 21. Kh1 Rb8 22. Rxb8+ Nxb8 23. Qe2 Qb5 24. Qf2 Nd7 25. Be2 Qc5 26. Qh4+ g5 27. Qa4 Rf8 28. Rxf8+ Qxf8 29. Qxa6 Qb4 30. h3 Ke7 31. Qd3 Ne5 32. Qh7+ Kd6 33. Bh5 Qe1+ 34. Kh2 Qh4 35. Be2 g4 36. Qg8 Qf6 37. Qb8+ Ke7 38. Qb4+ Kf7 39. Bxg4 Kg6 40. Qa4 h5 41. Qe8+ Kg7 42. Qxh5 Qf4+ 43. Kg1 Qe3+ 44. Kf1 Qc1+ 45. Bd1 Qf4+ 46. Kg1 Qe3+ 47. Kh1 Ng6 48. Qe2 Qf4 49. a4 Qxa4 50. Qxe6 Qd4 51. Bf3 Nf4 52. Qe7+ Kh6 53. Kh2 Ng6 54. Qd6 Qf2 55. Bxd5 Qxc2 56. Bf7 Kg5 57. Qxg6+ 1-0

[Event "DSOL 2021"]
[Site "Germany"]
[Date "2021.03.17"]
[Round "6.1"]
[White "Wartlick, Karl"]
[Black "Gebert-Vangeel, Ralf"]
[Result "1-0"]
[WhiteElo "1941"]
[BlackElo "1432"]
[Annotator "TA"]
[PlyCount "121"]
[EventDate "2021.01.18"]
[EventType "team-tourn"]
[EventCountry "GER"]
[SourceTitle "playchess.com"]
[Source "ChessBase"]
[SourceQuality "1"]

1. Nf3 d5 2. g3 g6 3. Bg2 Bg7 4. O-O Nf6 5. c4 c6 6. d4 O-O 7. Nc3 dxc4 8. a4 Na6 9. e4 Nb4 10. Ne5 Ne8 11. f4 Nd3 12. Nxd3 cxd3 13. d5 cxd5 14. exd5 Nd6 15. Qxd3 Bf5 16. Qf3 Rc8 17. g4 Bd7 18. h3 Rc4 19. a5 b5 20. Re1 e6 21. dxe6 Bxe6 22. Bf1 Rc8 23. Rd1 Qc7 24. Be3 a6 25. Bb6 Qb8 26. Bd4 Nc4 27. Bxg7 Kxg7 28. f5 Qa7+ 29. Kh1 Qe7 30. fxe6 fxe6 31. Qe4 Rf7 32. Bxc4 Rxc4 33. Qe5+ Kg8 34. Rf1 b4 35. Qb8+ Kg7 36. Ne2 Qh4 37. Rxf7+ Kxf7 38. Rf1+ Ke7 39. Qf8+ Kd7 40. Rd1+ Kc6 41. Qf3+ Kb5 42. Qb7+ Ka4 43. Qd7+ Kxa5 44. Ra1+ Kb6 45. Qxe6+ Rc6 46. Rxa6+ Kxa6 47. Qxc6+ Ka5 48. Qa8+ Kb6 49. Qb8+ Ka5 50. Qg3 Qf6 51. b3 Qf1+ 52. Ng1 Qb1 53. Qe5+ Kb6 54. Qd6+ Kb5 55. Qd5+ Kb6 56. Qc4 Qe1 57. Kg2 Qd2+ 58. Kf1 Qd1+ 59. Kf2 Qd2+ 60. Ne2 Qd6 61. Qd4+ 1-0

[Event "DSOL 2021"]
[Site "Germany"]
[Date "2021.03.15"]
[Round "6.1"]
[White "Scheele, Marcus"]
[Black "Schuette, Marcel"]
[Result "0-1"]
[WhiteElo "1926"]
[BlackElo "2022"]
[Annotator "TA"]
[PlyCount "130"]
[EventDate "2021.01.18"]
[EventType "team-tourn"]
[EventCountry "GER"]
[SourceTitle "playchess.com"]
[Source "ChessBase"]
[SourceQuality "1"]

1. d4 Nf6 2. Nf3 d6 3. c4 Nc6 4. Nc3 Bg4 5. d5 Bxf3 6. gxf3 Ne5 7. Qb3 Qc8 8. h4 Ned7 9. Bh3 g6 10. Be3 Bg7 11. Ne4 Qd8 12. Qxb7 O-O 13. Bxa7 c5 14. dxc6 Qa5+ 15. b4 Qxa7 16. Qxa7 Rxa7 17. Rb1 Nb6 18. c5 Nxe4 19. cxb6 Nc3 20. bxa7 Nxb1 21. b5 Bc3+ 22. Kf1 Ba5 23. Kg2 Na3 24. Rc1 Nxb5 25. Rc4 Nxa7 26. c7 e6 27. Ra4 Nc6 28. Rc4 Ne7 29. e4 Rc8 30. f4 Rxc7 31. Ra4 Rc5 32. Rd4 d5 33. f3 dxe4 34. fxe4 Rc2+ 35. Kf3 Rxa2 36. h5 Ra3+ 37. Kg2 Nc6 38. Rc4 Rc3 39. Ra4 Rb3 40. h6 Rb4 41. Ra2 Rxe4 42. Rc2 Ne7 43. Ra2 Rxf4 44. Rxa5 f5 45. Ra8+ Kf7 46. Rh8 g5 47. Rxh7+ Kf6 48. Kg3 Rh4 49. Bf1 f4+ 50. Kf3 Nf5 51. Bd3 Rh3+ 52. Ke2 Nxh6 53. Rh8 Re3+ 54. Kd2 Nf7 55. Rg8 Rg3 56. Bg6 Ne5 57. Bh5 Ke7 58. Ke2 Kd6 59. Rd8+ Kc5 60. Kf2 Ng4+ 61. Ke2 Ne3 62. Re8 Kd4 63. Rxe6 Rg2+ 64. Kf3 Rh2 65. Ra6 Rxh5 0-1

[Event "DSOL 2021"]
[Site "Germany"]
[Date "2021.03.16"]
[Round "6.1"]
[White "Hubka, Roland"]
[Black "Dhame, Petraq"]
[Result "1/2-1/2"]
[WhiteElo "1908"]
[BlackElo "1970"]
[Annotator "TA"]
[PlyCount "91"]
[EventDate "2021.01.18"]
[EventType "team-tourn"]
[EventCountry "GER"]
[SourceTitle "playchess.com"]
[Source "ChessBase"]
[SourceQuality "1"]

1. Nf3 d5 2. c4 dxc4 3. Na3 Nf6 4. Nxc4 c5 5. Nce5 h6 6. g3 e6 7. Bg2 Bd6 8. b3 Qc7 9. Bb2 Nbd7 10. Nc4 Be7 11. Nce5 a6 12. Rc1 Qa5 13. Nc4 Qc7 14. Nce5 Nxe5 15. Nxe5 Qa5 16. Nc4 Qc7 17. O-O O-O 18. Be5 Qd8 19. Rc3 Nd7 20. Rd3 b5 21. Bxa8 bxc4 22. bxc4 Qa5 23. Qa1 f6 24. Bd6 Bxd6 25. Rxd6 Nb6 26. Rxb6 Qxb6 27. Rb1 Qd6 28. d3 Bd7 29. Bg2 Rb8 30. Rxb8+ Qxb8 31. Qc1 Qb4 32. Bf1 e5 33. Bg2 Be6 34. Bd5 Kf7 35. Bxe6+ Kxe6 36. Qc2 Qa3 37. Qb3 Qa5 38. Kg2 Kf5 39. e4+ Kg6 40. h4 h5 41. Qb8 Qxa2 42. Qe8+ Kh6 43. Qh8+ Kg6 44. Qe8+ Kh6 45. Qh8+ Kg6 46. Qe8+ 1/2-1/2

[Event "DSOL 2021"]
[Site "Germany"]
[Date "2021.03.16"]
[Round "6.1"]
[White "Boehl, Marius"]
[Black "Schoenfelder, Felix"]
[Result "1-0"]
[WhiteElo "1881"]
[BlackElo "1821"]
[Annotator "NA RC"]
[PlyCount "54"]
[EventDate "2021.01.18"]
[EventType "team-tourn"]
[EventCountry "GER"]
[SourceTitle "playchess.com"]
[Source "ChessBase"]
[SourceQuality "1"]

1. d4 Nf6 2. c4 e5 3. dxe5 Ng4 4. Nf3 Bc5 5. e3 Nc6 6. a3 a5 7. Nbd2 O-O 8. b3 Ngxe5 9. Bb2 d6 10. Nxe5 Nxe5 11. Nf3 Bg4 12. Be2 Re8 13. O-O Re6 14. Nd4 Bxd4 15. exd4 Bxe2 16. Qxe2 Ng6 17. Qf3 d5 18. cxd5 Rd6 19. Rac1 Rc8 20. Rc5 b6 21. Rc6 Rxd5 22. Rfc1 Ne7 23. R6c2 Nf5 24. Qg4 h6 25. g3 Nxd4 26. Rc4 c5 27. Bxd4 b5 1-0

[Event "DSOL 2021"]
[Site "Germany"]
[Date "2021.03.15"]
[Round "6.1"]
[White "Leyendecker, Niklas"]
[Black "Rieling, Thomas"]
[Result "0-1"]
[WhiteElo "1865"]
[BlackElo "2069"]
[Annotator "TA"]
[PlyCount "58"]
[EventDate "2021.01.18"]
[EventType "team-tourn"]
[EventCountry "GER"]
[SourceTitle "playchess.com"]
[Source "ChessBase"]
[SourceQuality "1"]

1. d4 Nf6 2. c4 e6 3. Nc3 d5 4. cxd5 exd5 5. Bg5 Be7 6. e3 O-O 7. Bd3 h6 8. Bh4 c6 9. h3 Re8 10. Qc2 Nbd7 11. Nf3 Ne4 12. Bxe7 Qxe7 13. Rb1 a5 14. a3 b6 15. b4 axb4 16. axb4 Ra3 17. Ne2 Nxf2 18. Bh7+ Kh8 19. Kxf2 Qxe3+ 20. Kf1 Ba6 21. Re1 Nf6 22. Ne5 Nxh7 23. g4 Qxd4 24. Nxf7+ Kg8 25. Nxh6+ gxh6 26. Qg6+ Kf8 27. Qd6+ Re7 28. b5 Rf3+ 29. Kg2 Qf2# 0-1

[Event "DSOL 2021"]
[Site "Germany"]
[Date "2021.03.16"]
[Round "6.1"]
[White "Plaettner, Stefan"]
[Black "von Krosigk, Florian"]
[Result "0-1"]
[WhiteElo "1862"]
[BlackElo "1941"]
[Annotator "TA"]
[PlyCount "128"]
[EventDate "2021.01.18"]
[EventType "team-tourn"]
[EventCountry "GER"]
[SourceTitle "playchess.com"]
[Source "ChessBase"]
[SourceQuality "1"]

1. e4 e5 2. Nf3 Nc6 3. Bb5 a6 4. Ba4 Nf6 5. O-O b5 6. Bb3 Be7 7. c3 d6 8. h3 O-O 9. Re1 Nb8 10. d4 Nbd7 11. Nbd2 c5 12. Nf1 Bb7 13. Ng3 Re8 14. d5 Bf8 15. Nf5 c4 16. Bc2 Nc5 17. Nh2 Bc8 18. g4 Kh8 19. Qf3 Ng8 20. Kh1 g6 21. Ne3 Bh6 22. Ng2 Bxc1 23. Raxc1 Rf8 24. Rg1 Ra7 25. Ne3 Qg5 26. Qg3 Qf4 27. Qxf4 exf4 28. Ng2 g5 29. Nf3 f6 30. Nd4 Re8 31. f3 Bd7 32. b4 cxb3 33. axb3 a5 34. b4 Na6 35. bxa5 Nc5 36. Ra1 Rea8 37. Rgb1 Rxa5 38. Rxa5 Rxa5 39. Nb3 Ra2 40. Ne1 Ne7 41. Nd4 Ra5 42. Bd3 Nxd3 43. Nxd3 Ng6 44. Nc6 Ra3 45. Rc1 Ne5 46. Ndxe5 fxe5 47. Kg2 Kg7 48. Rc2 Kf8 49. h4 h6 50. hxg5 hxg5 51. Nb4 Ke7 52. Rc1 Kd8 53. Kf2 Kc7 54. Ke2 Rb3 55. Kd2 Rb2+ 56. Nc2 Kb6 57. Rh1 b4 58. cxb4 Ba4 59. Rc1 Kb5 60. Kd3 Rb3+ 61. Ke2 Rc3 62. Nd4+ exd4 63. Rxc3 dxc3 64. Kd3 Kxb4 0-1

[Event "DSOL 2021"]
[Site "Germany"]
[Date "2021.03.15"]
[Round "6.1"]
[White "Pougin, Elias"]
[Black "Jablonowski, Christoph"]
[Result "0-1"]
[WhiteElo "1838"]
[BlackElo "1972"]
[Annotator "RC"]
[PlyCount "186"]
[EventDate "2021.01.18"]
[EventType "team-tourn"]
[EventCountry "GER"]
[SourceTitle "playchess.com"]
[Source "ChessBase"]
[SourceQuality "1"]

1. c4 Nf6 2. Nf3 g6 3. g3 Bg7 4. Bg2 O-O 5. O-O d6 6. Nc3 e5 7. d3 Nc6 8. Rb1 a5 9. a3 h6 10. b4 axb4 11. axb4 Ne7 12. Bb2 c6 13. c5 dxc5 14. bxc5 Qc7 15. Qc2 Be6 16. Ra1 Ned5 17. Nxe5 Nb4 18. Qd2 Qxe5 19. Nd5 Qxb2 20. Ne7+ Kh7 21. Qxb2 Nfd5 22. Rxa8 Bxb2 23. Nxd5 Rxa8 24. Nxb4 Bc3 25. Nc2 Ra2 26. Ne3 Rxe2 27. Rb1 Bc8 28. Nc4 Bd4 29. Nd6 Rxf2 30. Kh1 Be6 31. Nxb7 Rd2 32. Bxc6 Rxd3 33. Bg2 Rc3 34. c6 Be5 35. Nd8 Ba2 36. Rf1 Kg7 37. Nb7 Bc7 38. Rd1 Bb3 39. Re1 Ba4 40. Kg1 Bb6+ 41. Kh1 Bxc6 42. Bxc6 Rxc6 43. Kg2 Bc7 44. Re7 Kf6 45. Rd7 Ke6 46. Rd2 f5 47. Nd8+ Bxd8 48. Rxd8 Kf6 49. Rd4 g5 50. Ra4 Rc2+ 51. Kg1 g4 52. Ra6+ Kg5 53. Ra8 h5 54. Rg8+ Kf6 55. Rh8 Ke5 56. Re8+ Kd4 57. Re7 Rc5 58. Re1 Re5 59. Rd1+ Kc3 60. Rd8 Kc4 61. Rd7 Rd5 62. Re7 Kd3 63. Re1 Kd2 64. Re8 Rd3 65. Re5 Rf3 66. Kg2 Kd3 67. Kg1 Kd4 68. Re8 Re3 69. Rd8+ Ke4 70. Rd1 Re2 71. Ra1 Rd2 72. Re1+ Kd4 73. Rf1 Ke4 74. Re1+ Kd4 75. Rf1 Ke5 76. Re1+ Kf6 77. Re8 h4 78. gxh4 f4 79. Rg8 Kf5 80. Ra8 Rd3 81. Ra5+ Ke4 82. Ra4+ Ke3 83. Ra1 f3 84. Re1+ Kf4 85. Re8 Rd1+ 86. Kf2 Rd2+ 87. Kg1 Rg2+ 88. Kh1 Re2 89. Rf8+ Ke3 90. h3 g3 91. Re8+ Kf2 92. Rxe2+ fxe2 93. h5 e1=Q# 0-1

[Event "DSOL 2021"]
[Site "Germany"]
[Date "2021.03.15"]
[Round "6.1"]
[White "Romero S, Juan Sebastian"]
[Black "Dietz, Andre"]
[Result "0-1"]
[WhiteElo "1820"]
[BlackElo "1737"]
[Annotator "NA RC"]
[PlyCount "42"]
[EventDate "2021.01.18"]
[EventType "team-tourn"]
[EventCountry "GER"]
[SourceTitle "playchess.com"]
[Source "ChessBase"]
[SourceQuality "1"]

1. d4 d5 2. c4 e5 3. dxe5 d4 4. Nf3 Nc6 5. Nbd2 Bf5 6. Nb3 Nb4 7. Nfxd4 Qd7 8. a3 Nc6 9. Bf4 O-O-O 10. e3 f6 11. Nxc6 Qxc6 12. Nd4 Qe8 13. Qf3 fxe5 14. Bxe5 Nh6 15. Bxg7 Bxg7 16. Nxf5 Bxb2 17. Nxh6 Bc3+ 18. Ke2 Rd2+ 19. Ke1 Ra2+ 20. Kd1 Qa4+ 21. Kc1 Qc2# 0-1

[Event "DSOL 2021"]
[Site "Germany"]
[Date "2021.03.18"]
[Round "6.1"]
[White "Ratering, Jona"]
[Black "Schulze-Schwering, Philipp"]
[Result "1-0"]
[WhiteElo "1815"]
[BlackElo "2012"]
[Annotator "TA"]
[PlyCount "71"]
[EventDate "2021.01.18"]
[EventType "team-tourn"]
[EventCountry "GER"]
[SourceTitle "playchess.com"]
[Source "ChessBase"]
[SourceQuality "1"]

1. c4 Nf6 2. Nc3 d5 3. cxd5 Nxd5 4. Nf3 c5 5. e3 Nc6 6. Bb5 Ndb4 7. d4 cxd4 8. exd4 e6 9. a3 Nd5 10. O-O Be7 11. Qd3 Bf6 12. Ne4 a6 13. Ba4 Nb6 14. Nxf6+ Qxf6 15. Bc2 h6 16. Re1 Nd5 17. Ne5 Nxe5 18. dxe5 Qe7 19. Qg3 g6 20. Bd2 Bd7 21. Rac1 Bc6 22. Bd3 Kf8 23. h4 h5 24. Be4 Qd7 25. Bg5 Rc8 26. Red1 Qe8 27. Bxd5 Bxd5 28. Bf6 Rh7 29. Qe3 Rxc1 30. Rxc1 Bc6 31. Qc5+ Kg8 32. b4 Qf8 33. Qb6 Qe8 34. a4 Qd7 35. b5 axb5 36. axb5 1-0

[Event "DSOL 2021"]
[Site "Germany"]
[Date "2021.03.16"]
[Round "6.1"]
[White "Boll, Alexander"]
[Black "Schreiner, Paulo"]
[Result "0-1"]
[WhiteElo "1806"]
[BlackElo "1855"]
[Annotator "NA RC"]
[PlyCount "46"]
[EventDate "2021.01.18"]
[EventType "team-tourn"]
[EventCountry "GER"]
[SourceTitle "playchess.com"]
[Source "ChessBase"]
[SourceQuality "1"]

1. e4 e5 2. d4 exd4 3. c3 dxc3 4. Bc4 cxb2 5. Bxb2 Nf6 6. e5 Bb4+ 7. Nc3 d5 8. Qa4+ Nc6 9. Bb5 Bxc3+ 10. Bxc3 Ne4 11. Bxc6+ bxc6 12. Qxc6+ Bd7 13. Qxd5 Nxc3 14. Qc4 Nb5 15. O-O-O Qg5+ 16. f4 Qf5 17. Ne2 O-O 18. a4 Na3 19. Qb3 Rab8 20. Qxa3 Qb1+ 21. Kd2 Rb2+ 22. Ke1 Rxe2+ 23. Kxe2 Bg4+ 0-1

[Event "DSOL 2021"]
[Site "Germany"]
[Date "2021.03.19"]
[Round "6.1"]
[White "Bress, Aaron"]
[Black "Azemovic, Almir"]
[Result "0-1"]
[WhiteElo "1795"]
[BlackElo "1726"]
[Annotator "NA"]
[PlyCount "62"]
[EventDate "2021.01.18"]
[EventType "team-tourn"]
[EventCountry "GER"]
[SourceTitle "playchess.com"]
[Source "ChessBase"]
[SourceQuality "1"]
[WhiteTeam "SAV Torgelow I"]
[BlackTeam "SC Moosburg"]

1. e4 d6 2. d4 g6 3. Nc3 Bg7 4. Bg5 Nf6 5. e5 dxe5 6. dxe5 Nfd7 7. f4 O-O 8. Nf3 Nc6 9. Bb5 f6 10. exf6 exf6 11. Bh4 Re8+ 12. Be2 Qe7 13. O-O Nb6 14. Re1 Be6 15. Bb5 Qb4 16. Qc1 a6 17. Bxc6 bxc6 18. a3 Qf8 19. Nd4 Bf7 20. Kh1 Rxe1+ 21. Qxe1 Re8 22. Qf2 Nc4 23. f5 c5 24. fxg6 hxg6 25. Nde2 g5 26. Bg3 c6 27. b3 Ne3 28. Rc1 Qe7 29. h3 Bg6 30. Nd1 Nxd1 31. Rxd1 Qxe2 0-1

[Event "DSOL 2021"]
[Site "Germany"]
[Date "2021.03.16"]
[Round "6.1"]
[White "Klahold, Roger"]
[Black "Seer, Maurice"]
[Result "0-1"]
[WhiteElo "1779"]
[BlackElo "1783"]
[Annotator "NA RC"]
[PlyCount "78"]
[EventDate "2021.01.18"]
[EventType "team-tourn"]
[EventCountry "GER"]
[SourceTitle "playchess.com"]
[Source "ChessBase"]
[SourceQuality "1"]

1. d4 Nf6 2. Nf3 e6 3. c4 Bb4+ 4. Nc3 d5 5. a3 Bxc3+ 6. bxc3 O-O 7. Bg5 h6 8. Bh4 Nbd7 9. e3 b6 10. cxd5 exd5 11. Bd3 a5 12. Ne5 Qe7 13. O-O Nxe5 14. dxe5 Qxe5 15. Rc1 Bb7 16. Bb1 Ne4 17. Qc2 f5 18. Ba2 Kh8 19. Rfe1 Rae8 20. c4 d4 21. f3 Nc5 22. Bg3 Qf6 23. exd4 Qxd4+ 24. Bf2 Qd3 25. Rxe8 Rxe8 26. Bxc5 Re1+ 27. Kf2 Qf1+ 28. Kg3 Rxc1 29. Qxf5 bxc5 30. Qf8+ Kh7 31. Qf5+ Kg8 32. Qe6+ Kh8 33. Qe8+ Kh7 34. Qb5 Qe1+ 35. Kh3 Bc8+ 36. g4 h5 37. Qxc5 hxg4+ 38. fxg4 Rc3+ 39. Kg2 Bb7+ 0-1

[Event "DSOL 2021"]
[Site "Germany"]
[Date "2021.03.16"]
[Round "6.1"]
[White "Oehm, Matthias"]
[Black "Gralla, Markus"]
[Result "0-1"]
[WhiteElo "1770"]
[BlackElo "1975"]
[Annotator "NA"]
[PlyCount "64"]
[EventDate "2021.01.18"]
[EventType "team-tourn"]
[EventCountry "GER"]
[SourceTitle "playchess.com"]
[Source "ChessBase"]
[SourceQuality "1"]

1. d4 c5 2. e3 g6 3. Nf3 Bg7 4. Be2 Nf6 5. O-O d5 6. c3 Qd6 7. Nbd2 Nbd7 8. Nb3 O-O 9. dxc5 Nxc5 10. Nxc5 Qxc5 11. Nd4 e5 12. Nb3 Qc7 13. Bf3 Rd8 14. g3 h5 15. Qe2 h4 16. e4 Be6 17. Bg5 dxe4 18. Bxe4 Bc4 19. Qf3 Bxf1 20. Rxf1 Rd6 21. Bxh4 Nxe4 22. Qxe4 Re8 23. f4 f5 24. Qa4 Qc6 25. Qxa7 exf4 26. gxf4 Re2 27. Bf2 Rxb2 28. Nd4 Qd5 29. Rd1 Kh7 30. a4 Re6 31. Rf1 Re4 32. Qb6 Rxb6 0-1